000 00815nam a2200253Ia 4500
003 OSt
005 20220930090903.0
006 a|||||r|||| 00| 0
007 ta
008 220926b |||||||| |||| 00| 0 eng d
024 _a3093
037 _cTheses
040 _aCRL
_cCRL
_beng
041 _2eng
_aeng
100 _aGupta Rishi
_9537039
110 _aUniversity of Delhi. Faculty of Inter Disciplinary & Applied Sciences. Department of Microbiology
_9531344
245 0 _aBioconversion of plant residues into ethanol
260 _c2012
650 _aMICROBIOLOGY
700 _a Kuhad R C Gu.
_9543978
700 _aUniversity of Delhi. Faculty of Inter Disciplinary & Applied Sciences. Department of Microbiology
_9531346
942 _cDIS
_2CC
999 _c881311
_d881311